Investigación educativa y desarrollo /

Guardado en:
Bibliografiske detaljer
Hovedforfatter: Arredondo, Vicente
Format: Texto
Tags: Tilføj Tag
Ingen Tags, Vær først til at tagge denne postø!

MARC

LEADER 00000 a a2200000 04500
001 47296
003
040
090 |a REV1737 14(2) 1991  
100 |a Arredondo, Vicente  
245 |a Investigación educativa y desarrollo /  |c Vicente Arredondo  
500 |a Colección Alforja  
773 |g volumen14, número2, (1991), páginas 103-119  
999 |c 39783  |d 39783